00827cam a22002297a 4500003000500000005001700005008004100022010001000063011001000073035001000083040000900093100003100102245019400133260004100327300002100368502007700389650002400466650002800490650001500518650002900533700003500562CHAP20220329141940.0980907d1998 mx r 00110 spa d a76127 a77099 a86701 cCHAP00aEspinosa Zaragoza, Saúl.10aEstudio de viabilidad técnico-económica de dos plantas productoras de hongo Pleurotus sp. con diferente capacidad instaladac/por Saúl Espinosa Zaragoza y Carlos David Ayala Beltrán aChapingo, Méx. :bEl autor,c1998. a87 h. :bcuadros aTesis (Ing. Agr. Esp. en Fitotecnia) -- UACH. Departamento de Fitotecnia14aHongos comestibles.14aIndustrias agrícolas.14aPleurotus.14aProyectosxEvaluación.0 aAyala Beltrán, Carlos David.